Countries David Guetta has Visited - Statistics

General Stats
  • This quiz has been taken 19 times
  • The average score is 14 of 18
Answer Stats
Continent Country % Correct
Europe France
100%
North America United States of America
100%
South America Argentina
94%
South America Brazil
94%
Europe Germany
94%
Europe United Kingdom
94%
Europe Spain
88%
Asia Thailand
88%
South America Chile
82%
Europe Hungary
82%
Europe Greece
76%
Europe Portugal
76%
South America Uruguay
76%
Asia Indonesia
71%
Europe Romania
65%
Asia Saudi Arabia
59%
Asia Taiwan
59%
Europe Finland
47%
No matching quizzes found
Score Distribution
Percent of People with Each Score
Percentile by Number Answered
Your Score History
You have not taken this quiz